|
|
|
|
| LEADER |
01338cam a2200313 u 4500 |
| 001 |
10119954 |
| 003 |
upatras |
| 005 |
20210117205829.0 |
| 008 |
160418s2004 fr f fre |
| 020 |
|
|
|a 274530996X
|
| 040 |
|
|
|a GR-PaULI
|c GR-PaULI
|
| 041 |
0 |
|
|a fre
|
| 082 |
0 |
4 |
|a 192
|
| 100 |
1 |
|
|a Toland, John
|d 1670-1722
|4 aut
|9 150179
|
| 245 |
1 |
0 |
|a Lettres a Serena et autres textes
|c John Toland; edition, introduction et notes par Tristan Dagron
|
| 260 |
|
|
|a Paris
|b Honore Champion Editeur
|c 2004
|
| 300 |
|
|
|a 408 σ.
|c 23 εκ.
|
| 490 |
0 |
|
|a Libre pensee et literature clandestine
|v 20
|
| 504 |
|
|
|a Περιλαμβάνει βιβλιογραφία και ευρετήριο
|
| 600 |
1 |
4 |
|a Toland- John
|d 1670-1722
|9 132782
|
| 650 |
|
4 |
|a Φιλοσοφία, Αγγλική
|y 18ος αιώνας
|9 27102
|
| 650 |
|
4 |
|a Υλισμός
|x Ιστορία
|y 18ος αιώνας
|9 150182
|
| 700 |
1 |
|
|a Dagron, Tristan
|4 edt
|4 aui
|9 132781
|
| 760 |
0 |
|
|a Libre pensee et literature clandestine
|g 20
|
| 852 |
|
|
|a GR-PaULI
|b ΠΑΤΡΑ
|b ΦΙΛΟΣΟΦΙΑ
|k ΑΣΧΞ-4
|h 192 TOL
|m 11243
|p 025000170342
|t 1
|
| 942 |
|
|
|2 ddc
|c BK15
|
| 952 |
|
|
|0 0
|1 0
|4 0
|6 192_000000000000000_TOL
|7 0
|9 192725
|a PHIL
|b PHIL
|d 2016-04-24
|i 11243
|l 0
|o 192 TOL
|p 025000170342
|r 2016-04-24 00:00:00
|t 1
|w 2016-04-24
|y BK15
|
| 998 |
|
|
|c ΚΑΝΕΛΛΟΠΟΥΛΟΥ
|d 2016-04
|
| 999 |
|
|
|c 118168
|d 118168
|